000 00692nam a2200181 a 4500
008 120416s1984 ||||||||||||||||| || u
020 _a0471890251
050 _aKB 61.L2 Per
100 _aPerritt, Henry H
245 1 0 _aEmployee dismissal : law and practice /
260 _aNew York
_bWiley Law Publications
_c1984
300 _axviii, 465p. : ill.
350 _a0.00
500 _aKept up to date by pocket parts. -Includes index.
650 _aLAW
650 _aEMPLOYEES--DISMISSAL OF--LAW AND LEGISTLATION--UNITED STATES
995 _D0.00
_FCBU-MAIN LIBRARY (Kitwe)
_H1
_I77.25
_M1
_UAVAILABLE
_ZMain Library Open Access Collection
999 _c41760
_d41760